logo

Bir Sreshtho Munshi Abdur Rouf Library
Jhenaidah Cadet College

Economic and the Comercial Geography / (Record no. 8566)

MARC details
000 -LEADER
fixed length control field 00599nam a2200241 a 4500
001 - CONTROL NUMBER
JCCL Control Number 8566
003 - CONTROL NUMBER IDENTIFIER
JCCL marc code BD-JhCC
005 - DATE AND TIME OF LATEST TRANSACTION
control field 20180227173508.0
008 - FIXED-LENGTH DATA ELEMENTS--GENERAL INFORMATION
fixed length control field 180227s1964 p b 000 0 eng d
035 ## - SYSTEM CONTROL NUMBER
system control number (BD-JhCC)8566
040 ## - CATALOGING SOURCE
Original cataloging agency BD-JhCC
Modifying agency BD-JhCC
041 ## - LANGUAGE CODE
Language code of Book eng
050 #0 - LIBRARY OF CONGRESS CALL NUMBER
Classification number HC21
082 ## - DEWEY DECIMAL CLASSIFICATION NUMBER
Classification number 330.9
DDC Edition number 19
Author mark and Year ALI 1964
100 1# - MAIN ENTRY--PERSONAL NAME
Personal name Ali, M. H.
245 00 - TITLE STATEMENT
Title Economic and the Comercial Geography /
Statement of responsibility, etc M. H. Ali,
260 ## - PUBLICATION, DISTRIBUTION, ETC. (IMPRINT)
Place of publication, distribution, etc Dacca :
Name of publisher, distributor, etc University Press,
Date of publication, distribution, etc 1964
300 ## - PHYSICAL DESCRIPTION
Pagination 486p :
Other physical details ill ;
Dimensions 20 cm
650 #0 - SUBJECT ADDED ENTRY--TOPICAL TERM
Topical term or geographic name as entry element Economic history
650 #0 - SUBJECT ADDED ENTRY--TOPICAL TERM
Topical term or geographic name as entry element Economics
942 ## - ADDED ENTRY ELEMENTS (KOHA)
Source of classification or shelving scheme Dewey Decimal Classification
Koha item type Books
Holdings
Source of classification or shelving scheme Damaged status Not for loan Home library Current library Shelving location Date of accession Cost, normal purchase price Total Checkouts Full call number Barcode Date last seen Copy number Koha item type
Dewey Decimal Classification     JCC Rouf Library JCC Rouf Library General Stacks 02/27/2018 10.00   330.9 ALI 1964 11297 02/27/2018 C-1 Books

JCC Library | Contacts | JCC Home

Last Update on 23 September 2017
Copyright @ 2017-2020 JCC Rouf Library
Rouf Library, Jhenidah Cadet College (JCC), Bangladesh